Imposición del petróleo crudo y sus derivados (Registro nro. 31512)
[ vista simple ]
| 000 -LEADER | |
|---|---|
| fixed length control field | 00364 a2200121 4500 |
| 001 - CONTROL NUMBER | |
| control field | ART_30426 |
| 005 - DATE AND TIME OF LATEST TRANSACTION | |
| control field | 20260410162004.0 |
| 008 - FIXED-LENGTH DATA ELEMENTS--GENERAL INFORMATION | |
| fixed length control field | 260409a |
| 100 1# - MAIN ENTRY--PERSONAL NAME | |
| Personal name | Artana, Daniel |
| 245 10 - TITLE STATEMENT | |
| Title | Imposición del petróleo crudo y sus derivados |
| 700 1# - ADDED ENTRY--PERSONAL NAME | |
| Personal name | Salinardi, Mario A. |
| 773 0# - HOST ITEM ENTRY | |
| Title | Boletín Informativo ASAP |
| Related parts | - Nº 10 (oct. 1983) |
| Record control number | REV30391 |
No hay ítems disponibles.